<?xml version="1.0" encoding="UTF-8"?>
<record
    xmlns:xsi="http://www.w3.org/2001/XMLSchema-instance"
    xsi:schemaLocation="http://www.loc.gov/MARC21/slim http://www.loc.gov/standards/marcxml/schema/MARC21slim.xsd"
    xmlns="http://www.loc.gov/MARC21/slim">

  <leader>00302nam a22001217a 4500</leader>
  <datafield tag="082" ind1=" " ind2=" ">
    <subfield code="a">340.0941</subfield>
    <subfield code="b">HAL</subfield>
  </datafield>
  <datafield tag="245" ind1=" " ind2=" ">
    <subfield code="a">Halsbury's Laws of England /</subfield>
    <subfield code="c">Editor Kenneth Mugford</subfield>
  </datafield>
  <datafield tag="250" ind1=" " ind2=" ">
    <subfield code="a">Fourth Edition.</subfield>
  </datafield>
  <datafield tag="260" ind1=" " ind2=" ">
    <subfield code="a">London :</subfield>
    <subfield code="b">Butterworths,</subfield>
    <subfield code="c">1980.</subfield>
  </datafield>
  <datafield tag="300" ind1=" " ind2=" ">
    <subfield code="c">25 cm.</subfield>
  </datafield>
  <datafield tag="563" ind1=" " ind2=" ">
    <subfield code="a">HB.</subfield>
  </datafield>
  <datafield tag="942" ind1=" " ind2=" ">
    <subfield code="2">ddc</subfield>
    <subfield code="c">BK</subfield>
  </datafield>
  <datafield tag="999" ind1=" " ind2=" ">
    <subfield code="c">616168</subfield>
    <subfield code="d">616168</subfield>
  </datafield>
  <datafield tag="952" ind1=" " ind2=" ">
    <subfield code="0">0</subfield>
    <subfield code="1">0</subfield>
    <subfield code="2">ddc</subfield>
    <subfield code="4">0</subfield>
    <subfield code="6">340_094100000000000_HAL</subfield>
    <subfield code="7">0</subfield>
    <subfield code="9">644809</subfield>
    <subfield code="a">NLS</subfield>
    <subfield code="b">NLS</subfield>
    <subfield code="d">2026-02-10</subfield>
    <subfield code="e">Donated by Mr. Salahuddin Khan Advocate Supreme Court</subfield>
    <subfield code="l">0</subfield>
    <subfield code="o">340.0941 HAL</subfield>
    <subfield code="p">NLSD-446</subfield>
    <subfield code="r">2026-02-10</subfield>
    <subfield code="w">2026-02-10</subfield>
    <subfield code="y">BK</subfield>
  </datafield>
  <datafield tag="952" ind1=" " ind2=" ">
    <subfield code="0">0</subfield>
    <subfield code="1">0</subfield>
    <subfield code="2">ddc</subfield>
    <subfield code="4">0</subfield>
    <subfield code="6">340_094100000000000_HAL_1983</subfield>
    <subfield code="7">0</subfield>
    <subfield code="9">644830</subfield>
    <subfield code="a">NLS</subfield>
    <subfield code="b">NLS</subfield>
    <subfield code="d">2026-02-11</subfield>
    <subfield code="e">Donated by Mr. Salahuddin Khan Advocate Supreme Court</subfield>
    <subfield code="h">Part-1 Volume 1-12</subfield>
    <subfield code="o">340.0941 HAL 1983</subfield>
    <subfield code="p">NLSD-450</subfield>
    <subfield code="r">2026-02-11</subfield>
    <subfield code="w">2026-02-11</subfield>
    <subfield code="y">BK</subfield>
  </datafield>
  <datafield tag="952" ind1=" " ind2=" ">
    <subfield code="0">0</subfield>
    <subfield code="1">0</subfield>
    <subfield code="2">ddc</subfield>
    <subfield code="4">0</subfield>
    <subfield code="6">340_094100000000000_HAL_1983</subfield>
    <subfield code="7">0</subfield>
    <subfield code="9">644831</subfield>
    <subfield code="a">NLS</subfield>
    <subfield code="b">NLS</subfield>
    <subfield code="d">2026-02-11</subfield>
    <subfield code="e">Donated by Mr. Salahuddin Khan Advocate Supreme Court</subfield>
    <subfield code="h">Part-2 Volume 13-44</subfield>
    <subfield code="o">340.0941 HAL 1983</subfield>
    <subfield code="p">NLSD-451</subfield>
    <subfield code="r">2026-02-11</subfield>
    <subfield code="w">2026-02-11</subfield>
    <subfield code="y">BK</subfield>
  </datafield>
</record>
